Pokémon - Les villes de Kanto - Statistiques

Statistiques générales
  • Ce quiz a été pris 152 fois
  • Le résultat moyen est 8 sur 10
Statistiques - réponses
Noms des villes % Correct
Bourg Palette
99%
Lavanville
88%
Carmin sur Mer
87%
Céladopole
84%
Argenta
83%
Cramois'Île
83%
Azuria
82%
Jadielle
82%
Safrania
81%
Parmanie
65%
Aucun quiz correspondant
Distribution des résultats
% des personnes avec chaque résultat
Percentile par nombre de réponses
Votre historique - résultats
Vous n’avez pas pris ce quiz